Größte Orte im Landkreis Vorpommmern-Greifswald - Statistiken

Allgemein
  • Dieses Quiz wurde 26 mal gespielt
  • Das Durchschnittsergebnis liegt bei 6 aus 15
Antwortstatistiken
Einwohner Ort % Korrekt
59.691 Greifswald
100%
12.312 Anklam
81%
12.055 Wolgast
76%
9.811 Pasewalk
57%
8.598 Ueckermünde
52%
8.425 Heringsdorf
48%
4.194 Zinnowitz
43%
9.307 Torgelow
38%
2.974 Gützkow
33%
2.914 Jarmen
29%
3.218 Karlshagen
24%
4.262 Loitz
19%
4.451 Strasburg (Uckermark)
19%
4.748 Eggesin
10%
3.342 Löcknitz
10%
Keine übereinstimmenden Quizze gefunden
Verteilung der Resultate
Anzahl Personen mit jedem Resultat
Perzentil nach korrekt beantworteten Fragen
Ihre Resultats-Entwicklung
Sie haben dieses Quiz noch nicht gespielt